Statystyki dla 13- Natura: część 2/4

Kliknij tutaj aby rozwiązać quiz!

Ogólne statystyki

  • Ten quiz został rozwiązany 15 razy
  • Średni wynik to 22 z 46

Statystyki odpowiedzi

HintOdpowiedź% Poprawnych
jeziorolake
92%
rzekariver
92%
morzesea
92%
wążsnake
92%
lasforest
77%
wyspaisland
77%
Góramountain
69%
tsunamitsunami
69%
żółwturtle
69%
bambusbamboo
62%
jaszczurkalizard
62%
roślinyplants
62%
ogontail
62%
tornadotornado
62%
wodospadwaterfall
62%
skrzydłowing
62%
aligatoraligator
54%
futrofur
54%
krajobrazlandscape
54%
korzenieroots
54%
Błyskawicalightning
46%
Gadyreptiles
46%
pieńtrunk
46%
gałęziebranches
38%
pazurclaw
38%
piórofeather
38%
huraganhurricane
38%
liścieleaves
38%
łapapaw
38%
laćpour
38%
grzmotthunder
38%
części ciała zwierzątanimal body parts
31%
lawinaavalanche
31%
powódźflood
31%
fala upałówheatwave
31%
burza z piorunamithunderstorm
31%
dolinavalley
31%
dzióbbeak
23%
suszadrought
23%
płetwa grzbietowafin
23%
gradobiciehailstorm
23%
Zjawiska naturalnenatural phenomena
23%
zamiećblizzard
15%
mżawkadrizzle
15%
płetwaflipper
15%
grzywamane
15%

Rozkład punktacji

Percentyl według liczby udzielonych odpowiedzi

Procent ludzi z każdym wynikiem

Twoja historia wyników

Nie rozwiązałeś tego quizu